| 000 | 00468nam a2200181Ia 4500 | ||
|---|---|---|---|
| 003 | GCL | ||
| 008 | 140319s9999 xx 000 0 eng d | ||
| 040 |
_aGCL / _cGCL |
||
| 082 | 0 | 4 |
_aCC _b932 _bK A |
| 100 | 1 | _aKEMP B J | |
| 245 | 1 | 0 |
_aANCIENT EGYPT ANATOMY OF A CIVILIZATION / _cKEMP B J |
| 260 |
_a[S.N] : _bROUTLEDGE ، _c1991 |
||
| 300 | _a356 P | ||
| 650 | 0 | 4 | _aCIVILIZATION |
| 650 | 0 | 4 | _aHISTORY 310 BC TO 332 BC |
| 650 | 0 | 4 | _aANCIENT EGYPT |
| 942 |
_2ddc _cBK |
||
| 999 |
_c17724 _d17724 |
||